000 01411nam0a2200373 4500
001 RU\NLR\bibl\1706834
005 20250616063638.0
010 _a978-5-8056-0257-4
_9500
021 _aRU
_b2010-84254
_95626
035 _a(nilc)RSL-KNO-004801031
035 _a(NLR Aleph) 001697880
090 _a1201604
_c1201604
100 _a20101101d2010 |||y0rusy50 ca
101 0 _arus
102 _aRU
105 _ay |||||||||
200 1 _aРоль и значение насилия в обществе
_eмонография
_fЕлена Львовна Сытых
210 _aЧелябинск
_cЧелябинский ин-т (фил.) ФГОУ ВПО "Уральская акад. гос. службы"
_d2010
215 _a141 с.
_d20
320 _aБиблиогр.: с. 123-141 (313 назв.)
606 1 _aНасилие
_xСоциально-философские вопросы
_92176480
_3RU\NLR\auth\661309048
610 0 _aнасилие в обществе
686 _aС555.73,0
_2rubbk
686 _aС550.72
686 _aЮ6
700 1 _4070
_aСытых
_bЕ. Л.
_cканд. культурологии
_gЕлена Львовна
_9242227
_3RU\NLR\AUTH\770242283
801 0 _aRU
_bРГБ
_c20101101
_grcr
801 1 _aRU
_bРГБ
_c20101101
801 2 _aRU
_bNLR
_c20101129
_grcr
830 _aавт. по кн.
942 _cBOOK
980 _aNB